Ismét gazdagabbak lettünk

Bibliographic Details
Main Author: (-cz-, -m-) (Author)
Format: Article
Language:Slovak
Hungarian
PhysicalDescription:Obr.
Subjects:

MARC

LEADER 00000nab a2200000 ar4500
001 vtls009150090
003 SK-MaSNL
005 20260303064604.0
008 070724c1976 xo |r|p|||||||000 b|slo
015 |a SNBRB2007/10  |2 snkbucl 
038 |a SNKBUCL 
040 |a SNKBUCL  |b hun  |c SNKBUCL  |e AACR2 
041 |a hun 
044 |a xo  |c SK 
080 |a 784.079  |2 1997 
100 0 |a (-cz-, -m-)  |4 aut  |9 1063445 
245 1 0 |a Ismét gazdagabbak lettünk  |c [autor] (-cz-, -m-) 
300 |b Obr. 
611 2 7 |a Festival maďarských súborov piesní a tancov  |n (21. :  |d 1976 :  |c Želiezovce, Slovensko)  |2 snkbucl  |9 1063446 
651 7 |a Želiezovce (Slovensko)  |2 snkbucl  |9 58700 
773 0 |t Hét  |g Roč. 21, č. 21 (1976), s. 10-11 
852 |a SNK  |b KIS3GCP 
958 |a SK 
999 |c 1747821  |d 1749751